| 000 | 00337nam a22001337a 4500 | ||
|---|---|---|---|
| 082 |
_a894.812 _bCAL/P |
||
| 100 | _aCALLISTUS MALIEKAL | ||
| 245 | _aPUTHENCHIRAYILE PANCHAKSHATHA | ||
| 260 |
_aTHRISSUR _bSUPERIOR GENERAL CONGREGATION OF THE JOLY FAMILY _c1995 |
||
| 300 | _a246 | ||
| 520 | _aRELIGIOUS | ||
| 650 | _aRELIGIOUS | ||
| 942 | _cBK | ||
| 999 |
_c5558 _d5558 |
||